LEADER 01206nam a2200289 i 4500 001 000000153680 003 CaOOAMICUS 005 20060929000000.0 008 060929s1975 it u000 u ita u 013 $a131023 040 $aSeMil$bita 100 1 $aGoldmann, Lucien,$d<1913-1970>.$0(OLS)http://semarc/name/25498 245 10$aIntroduzione a Kant /$cLucien Goldmann ; traduzione di Susanna Mantovani e Vito Messana. 260 $aMilano :$bArnoldo Mondadori Editore,$c1975. 300 $a189 p. ;$c20 cm. 490 0 $aGli Oscar studio ;$v30 500 $aContiene : Appendice. - Fondo Ciprandi. 600 14$aKant, Immanuel <1724-1804>.$0(OLS)http://semarc/subject/7657 700 1 $aMessana, Vito.$0(OLS)http://semarc/name/60160 700 1 $aMantovani, Susanna.$0(OLS)http://semarc/name/42934 830 4$aGli Oscar studio ;$v30.$0(OLS)http://semarc/title/8472 850 $aSeMil 852 $aSeMil$W1$xVenegono$y1$m2P IV 634$j105588$B105588$CSeMilBibl$Z2$F115167 $81 941 1 $a1 961 $aOmaggio: Ciprandi dott. Paolo 996 $6245$aIntroduzione a Kant$9(OLS)http://semarc/title/224831 996 $6260$aMilano :$bArnoldo Mondadori Editore$9(OLS)http://semarc/publisher/30056 LEADER 01095nam a2200229 i 4500 001 000000077438 003 CaOOAMICUS 005 20030430000000.0 008 030430s2000 it u000 u ita u 013 $a48610 020 $a88-211-6709-7 040 $aSeMil$bita 110 2 $aIstituto Patristico Augustinianum .$0(OLS)http://semarc/name/323 245 10$aDal Concilio di Calcedonia (451) a Giovanni Damasceno (+ 750) ; I Padri orientali /$cInstitutum Patristicum Augustinianum ; a cura di Angelo Di Berardino. 300 $aXIII, 719 p. 650 4$aPatrologia.$0(OLS)http://semarc/subject/947 700 1 $aDi Berardino, Angelo,$d<1936- >.$0(OLS)http://semarc/name/5734 773 0 $aQuasten, Johannes <1900-1987>$tPatrologia.$dTorino : Marietti, 1973-2000.$gVol.5$w()6420 850 $aSeMil 852 $aSeMil$W1$xVenegono$y1$mSL2.A I 21$j43590$B43590$CSeMilBibl$Z2$F43375 $8I 996 $6020$a88-211-6709-7$9(OLS)http://semarc/number/59116 996 $6245$aDal Concilio di Calcedonia (451) a Giovanni Damasceno (+ 750) ; I Padri orientali$9(OLS)http://semarc/title/125752